| 000 | 01337cam a2200325 i 4500 | ||
|---|---|---|---|
| 999 |
_c529355 _d529355 |
||
| 001 | 1778320 | ||
| 003 | NUST | ||
| 005 | 20190924151924.0 | ||
| 008 | 780928s1977 dcu b f000 0 eng | ||
| 010 | _a 77095239 | ||
| 020 |
_a0309025478 : _c$2.40 |
||
| 038 | _aMSOHAIL | ||
| 040 |
_aDLC _cDLC _dDLC |
||
| 050 | 0 | 0 |
_aTE278 _b.N38 1977b |
| 082 | 0 | 0 | _a625.84 |
| 110 | 2 |
_aNational Research Council (U.S.). _bTransportation Research Board. _919676 |
|
| 245 | 1 | 0 |
_aRapid-setting materials for patching of concrete / _cresearch sponsored by the American Association of State Highway and Transportation Officials, in cooperation with the Federal Highway Administration. |
| 260 |
_aWashington : _bTransportation Research Board, National Research Council, _c1977. |
||
| 300 |
_a13 p. ; _c28 cm. |
||
| 440 | 0 |
_aSynthesis of highway practice ; _v45 _921267 |
|
| 500 | _a"Project 20-5 FY '74 (Topic 6-05)." | ||
| 504 | _aIncludes bibliographical references. | ||
| 650 | 0 |
_aPavements, Concrete _xMaintenance and repair. _921268 |
|
| 650 | 0 |
_aCement. _921269 |
|
| 650 | 0 |
_aBituminous materials. _921270 |
|
| 710 | 2 |
_aAmerican Association of State Highway and Transportation Officials. _919553 |
|
| 710 | 1 |
_aUnited States. _bFederal Highway Administration. _920149 |
|
| 906 |
_a7 _bcbc _corignew _d2 _eopcn _f19 _gy-gencatlg |
||
| 942 |
_2ddc _cBK |
||